Berbicara mengenai kesihatan reproduktif remaja

Main Author: Harlina Halizah Siraj
Other Authors: Noralina Omar
Language:Malay
Published: Kuala Lumpur: PTS Millennia, 2007.
Subjects:
LEADER 00640cam a2200193 7i4500
001 0000069204
005 20091102090000.0
008 091102s2007 my may
020 # 0 |a 9833604137  
020 # 0 |a 9789833604135  
090 0 0 |a HQ 35   |b .H3 2007 
100 0 # |a Harlina Halizah Siraj  
245 1 0 |a Berbicara mengenai kesihatan reproduktif remaja   |c Harlina Halizah Siraj, Noralina Omar. 
260 # # |a Kuala Lumpur:   |b PTS Millennia,   |c 2007. 
300 # # |a xv, 137 p.;   |c 23 cm.. 
650 0 0 |a Sex instruction for teenagers  
650 0 0 |a Family life education  
700 0 1 |a Noralina Omar  
999 |a 1100064549  |b Book  |c Open Shelf  |e KOLEKSI TERBUKA